[Event "ESP-ch rapid"]
[Site "Linares"]
[Date "2019.08.24"]
[Round "7"]
[White "Cabrera Ruiz, Luis"]
[Black "Jimenez Martinez, Jose Vicente"]
[Result "0-1"]
[WhiteElo "2192"]
[BlackElo "2264"]
[PlyCount "92"]
[EventDate "2019.08.24"]
[EventType "swiss (rapid)"]
[EventRounds "9"]
[EventCountry "ESP"]
[SourceTitle "EXT 2020"]
[Source "ChessBase"]
[SourceDate "2019.10.17"]
[SourceVersion "1"]
[SourceVersionDate "2019.10.17"]
[SourceQuality "1"]

1. e4 d6 2. Nc3 g6 3. g3 Bg7 4. Bg2 Nf6 5. d3 0-0 6. Nf3 c5 7. 0-0 Nc6 8. Re1 Rb8 9. Ne2 b5 10. Nf4 e5 11. Nh3 Bg4 12. Kh1 Nd4 13. Nhg1 Qd7 14. c3 Nxf3 15. Bxf3 Bxf3+ 16. Nxf3 Ng4 17. Kg2 f5 18. h3 Nf6 19. Bg5 Nh5 20. d4 h6 21. Bc1 fxe4 22. Rxe4 Qf5 23. Qe2 d5 24. Rxe5 Bxe5 25. Nxe5 cxd4 26. cxd4 Kh7 27. Bd2 Rbc8 28. Bb4 Rc2 29. Bd2 Qe4+ 30. Qxe4 dxe4 31. Be3 Nf6 32. Ng4 Nxg4 33. hxg4 Rf3 34. Re1 Rxb2 35. d5 Rxa2 36. d6 Rf7 37. Rc1 Rd7 38. Bf4 g5 39. Be3 Rxd6 40. Rc7+ Kg6 41. Bxa7 Rad2 42. Bc5 Rd7 43. Rc6+ Kh7 44. Bf8 e3 45. Rxh6+ Kg8 46. Bc5 Rxf2+ 0-1

[Event "ESP-ch rapid"]
[Site "Linares"]
[Date "2018.08.19"]
[Round "2"]
[White "Cabrera Ruiz, Luis"]
[Black "Camacho Collados, Marcos"]
[Result "0-1"]
[WhiteElo "2122"]
[BlackElo "2393"]
[PlyCount "88"]
[EventDate "2018.08.19"]
[EventType "swiss (rapid)"]
[EventRounds "9"]
[EventCountry "ESP"]
[SourceTitle "CBM 186 Extra"]
[Source "ChessBase"]
[SourceDate "2018.08.24"]
[SourceVersion "1"]
[SourceVersionDate "2018.08.24"]
[SourceQuality "1"]

1. e4 e5 2. Nf3 Nc6 3. Bb5 Nge7 4. d4 exd4 5. Nxd4 Ng6 6. 0-0 Bc5 7. Nb3 Bb6 8. Nc3 a6 9. Be2 0-0 10. Nd5 Ba7 11. Be3 Bxe3 12. Nxe3 Re8 13. f3 d6 14. Nd4 Nf4 15. Nxc6 bxc6 16. g3 Qg5 17. Kh1 Nxe2 18. Qxe2 d5 19. f4 Qe7 20. e5 d4 21. Ng2 c5 22. Rae1 Bb7 23. Kg1 Rad8 24. Qg4 c4 25. Nh4 d3 26. cxd3 cxd3 27. Nf5 Qf8 28. Rd1 Kh8 29. Rd2 Qc5+ 30. Rff2 Rg8 31. Qd1 Qc6 32. Rg2 Qe6 33. Ne3 Qb6 34. Qe1 Bxg2 35. Kxg2 c5 36. b3 Qc6+ 37. Kg1 Qe4 38. Qf2 a5 39. Nc4 a4 40. Qxc5 axb3 41. axb3 Ra8 42. Ne3 Rgc8 43. Qb6 Rab8 44. Qa7 Rb7 0-1

[Event "Andalucia-ch"]
[Site "Lucena"]
[Date "2012.04.28"]
[Round "4"]
[White "Cabrera Ruiz, Luis"]
[Black "Fernandez Rodriguez, Ramon"]
[Result "0-1"]
[WhiteElo "2140"]
[BlackElo "1851"]
[PlyCount "90"]
[EventDate "2012.04.26"]
[EventType "swiss"]
[EventRounds "9"]
[EventCountry "ESP"]
[SourceTitle "EXT 2013"]
[Source "ChessBase"]
[SourceDate "2012.11.22"]
[SourceVersion "1"]
[SourceVersionDate "2012.11.22"]
[SourceQuality "1"]

1. e4 e6 2. d4 d5 3. Nc3 Nf6 4. Bg5 dxe4 5. Nxe4 Be7 6. Ng3 c5 7. c3 cxd4 8. cxd4 Qa5+ 9. Bd2 Bb4 10. Nf3 Nc6 11. Bc4 0-0 12. a3 Bxd2+ 13. Qxd2 Qxd2+ 14. Kxd2 Rd8 15. Rhd1 Nxd4 16. Kc3 Nc6 17. Rxd8+ Nxd8 18. Rd1 Bd7 19. Ne5 Be8 20. b4 Rc8 21. Kb3 b5 22. Be2 Nd5 23. Bf3 Nc6 24. Nxc6 Bxc6 25. Ne4 Nb6 26. Rd6 Bd5+ 27. Rxd5 Nxd5 28. Nd6 Rb8 29. Bxd5 exd5 30. Kc3 Rb6 31. Nf5 Rf6 32. Ne7+ Kf8 33. Nxd5 Rc6+ 34. Kd4 Rc4+ 35. Kd3 f5 36. Ne3 Rc1 37. Nxf5 Ra1 38. Nd4 Rxa3+ 39. Kc2 Ra2+ 40. Kb3 Rxf2 41. Nxb5 Rxg2 42. Nxa7 Rxh2 43. b5 Ke8 44. Kc4 Kd7 45. b6 Rh5 0-1

[Event "Salobrena op"]
[Site "Salobrena"]
[Date "2009.10.10"]
[Round "3"]
[White "Cabrera Ruiz, Luis"]
[Black "Korneev, Oleg"]
[Result "0-1"]
[WhiteElo "2165"]
[BlackElo "2554"]
[PlyCount "102"]
[EventDate "2009.10.10"]
[EventType "swiss (rapid)"]
[EventRounds "9"]
[EventCountry "ESP"]
[SourceTitle "CBM 132 Extra"]
[Source "ChessBase"]
[SourceDate "2009.11.03"]
[SourceVersion "1"]
[SourceVersionDate "2009.11.03"]
[SourceQuality "1"]

1. e4 c5 2. c4 Nc6 3. Ne2 Nf6 4. Nbc3 e6 5. d4 cxd4 6. Nxd4 Bb4 7. Nxc6 dxc6 8. Qxd8+ Kxd8 9. Bg5 h6 10. 0-0-0+ Ke7 11. Bxf6+ gxf6 12. f4 h5 13. Rd3 e5 14. f5 Bc5 15. Be2 Bd4 16. Rh3 h4 17. Kc2 Bd7 18. Nd1 Rag8 19. g3 b5 20. gxh4 Rg2 21. Kd2 a6 22. Rg3 Rxe2+ 23. Kxe2 Rxh4 24. Nf2 bxc4 25. Rg4 Bxf2 26. Rxh4 Bxh4 27. Rg1 Bg5 28. Kd1 c5 29. Rg4 Ba4+ 30. Ke1 Bc1 31. Rg2 Bc6 32. Re2 a5 33. Kd1 Bg5 34. Kc2 Bb5 35. Kc3 Bh4 36. Re3 Bf2 37. Rf3 Bd4+ 38. Kc2 Bc6 39. Rf1 Bxe4+ 40. Kc1 Bd3 41. Re1 Bxf5 42. h4 Bg4 43. Rh1 Bh5 44. Kc2 f5 45. Rh2 f4 46. Kd2 e4 47. Rg2 e3+ 48. Kc2 f3 49. Rg5 Bg6+ 50. Kd1 e2+ 51. Ke1 c3 0-1

[Event "ESP-chT2 Gr2"]
[Site "Burguillos"]
[Date "2009.08.08"]
[Round "5"]
[White "Cabrera Ruiz, Luis"]
[Black "Montero Melendez, Rafael"]
[Result "1/2-1/2"]
[WhiteElo "2168"]
[BlackElo "2261"]
[PlyCount "122"]
[EventDate "2009.08.05"]
[EventType "team-swiss"]
[EventRounds "6"]
[EventCountry "ESP"]
[SourceTitle "CBM 131 Extra"]
[Source "ChessBase"]
[SourceDate "2009.09.03"]
[SourceVersion "2"]
[SourceVersionDate "2009.09.16"]
[SourceQuality "1"]

1. e4 e5 2. Nf3 d6 3. d4 Nf6 4. Nc3 Nbd7 5. Bc4 Be7 6. dxe5 Nxe5 7. Nxe5 dxe5 8. Bg5 c6 9. Qxd8+ Bxd8 10. a3 b5 11. Be2 h6 12. Be3 Bb6 13. Bxb6 axb6 14. 0-0 Be6 15. Rad1 Ke7 16. Rd2 Rhd8 17. Rfd1 Rxd2 18. Rxd2 Nd7 19. f3 Nc5 20. Kf2 Nb7 21. Nd1 Nd6 22. Ne3 g6 23. g3 f6 24. Bf1 Ra4 25. Bd3 g5 26. c3 Ra8 27. Bc2 Rg8 28. Rd1 Ra8 29. Rd2 c5 30. Bd3 Rc8 31. Bf1 g4 32. Bd3 gxf3 33. Kxf3 Ra8 34. Rd1 Rd8 35. Bc2 b4 36. axb4 cxb4 37. Ra1 Nb5 38. Ra6 bxc3 39. bxc3 Rd6 40. Ba4 Nxc3 41. Bb3 Nb5 42. Bxe6 Kxe6 43. Nd5 f5 44. Nxb6 Nd4+ 45. Kf2 fxe4 46. Na8 Rxa6 47. Nc7+ Kf5 48. Nxa6 Kg4 49. Nc5 Kh3 50. Nxe4 Kxh2 51. Nd6 h5 52. Ne4 Nf5 53. Kf3 Kh3 54. Ng5+ Kh2 55. Ne4 Nd4+ 56. Kf2 Ne6 57. Kf3 Kg1 58. Nf6 Ng5+ 59. Ke3 Kh2 60. Nxh5 Kg2 61. g4 Kh3 1/2-1/2

[Event "ESP-chT2 Gr2"]
[Site "Burguillos"]
[Date "2009.08.05"]
[Round "1"]
[White "Cabrera Ruiz, Luis"]
[Black "Garcia Roman, Daniel"]
[Result "1/2-1/2"]
[WhiteElo "2168"]
[BlackElo "2464"]
[PlyCount "140"]
[EventDate "2009.08.05"]
[EventType "team-swiss"]
[EventRounds "6"]
[EventCountry "ESP"]
[SourceTitle "CBM 131 Extra"]
[Source "ChessBase"]
[SourceDate "2009.09.03"]
[SourceVersion "2"]
[SourceVersionDate "2009.09.16"]
[SourceQuality "1"]

1. e4 c5 2. c4 d6 3. Ne2 Nf6 4. Nbc3 g6 5. d4 Nbd7 6. g3 Bg7 7. Bg2 0-0 8. 0-0 a6 9. h3 Rb8 10. Be3 b6 11. Qd2 Bb7 12. Rfe1 Re8 13. Rad1 Ba8 14. b3 h5 15. Nd5 cxd4 16. Bxd4 b5 17. Nxf6+ Bxf6 18. Bxf6 Nxf6 19. Qd4 bxc4 20. Qxc4 Qa5 21. Nf4 Qxa2 22. e5 dxe5 23. Nxg6 Bxg2 24. Kxg2 Qxb3 25. Qxb3 Rxb3 26. Nxe5 Ra8 27. Ra1 e6 28. Re2 h4 29. Rea2 hxg3 30. fxg3 Ne4 31. Nf3 Rc8 32. Re1 f5 33. g4 Rcc3 34. Rf1 f4 35. Ra4 Rb2+ 36. Kg1 Ng3 37. Rf2 Rcc2 38. Rxc2 Rxc2 39. Rxa6 Re2 40. Nd4 Rd2 41. Nf3 Rd3 42. Ne1 Re3 43. Ng2 Re4 44. Nxf4 Rxf4 45. Rxe6 Kf7 46. Ra6 Ne4 47. Rb6 Rf3 48. Rb4 Re3 49. Kh2 Kf6 50. Rb5 Re2+ 51. Kg1 Ng5 52. Rf5+ Kg6 53. h4 Ne6 54. h5+ Kh6 55. Kf1 Re4 56. Kf2 Ng5 57. Rf6+ Kh7 58. Kg3 Rc4 59. Ra6 Ne4+ 60. Kh4 Rc1 61. Ra7+ Kg8 62. Ra8+ Kf7 63. Ra3 Rh1+ 64. Rh3 Rg1 65. Rf3+ Ke6 66. h6 Nf6 67. Rf4 Nd5 68. Rf3 Nf6 69. Rf4 Nd5 70. Rf3 Nf6 1/2-1/2

[Event "ESP-chT 1st div South"]
[Site "Santa Cruz de Tenerife"]
[Date "2006.08.26"]
[Round "5"]
[White "Fernandez Garcia, Jose Luis"]
[Black "Cabrera Ruiz, Luis"]
[Result "1-0"]
[WhiteElo "2474"]
[BlackElo "2029"]
[PlyCount "77"]
[EventDate "2006.08.23"]
[EventType "team"]
[EventRounds "5"]
[EventCountry "ESP"]
[SourceTitle "CBM 113 Extra"]
[Source "ChessBase"]
[SourceDate "2006.09.14"]
[SourceVersion "1"]
[SourceVersionDate "2006.09.14"]
[SourceQuality "1"]

1. e4 c5 2. Nf3 Nc6 3. Bb5 g6 4. 0-0 Bg7 5. c3 Qb6 6. Na3 a6 7. Qa4 Rb8 8. Be2 e5 9. d4 cxd4 10. cxd4 Qd8 11. Bg5 f6 12. Be3 b5 13. Qb3 Nge7 14. dxe5 Na5 15. Qb4 Nec6 16. Qd2 fxe5 17. b4 Nb7 18. Nc2 0-0 19. a4 Ne7 20. axb5 axb5 21. Rfd1 d6 22. Na3 Bg4 23. Ng5 Bxe2 24. Qxe2 Rf6 25. Nxb5 h6 26. Qa2+ d5 27. exd5 hxg5 28. d6+ Kh8 29. dxe7 Qxe7 30. Bxg5 e4 31. Nc3 Rxf2 32. Bxe7 Rxa2 33. Nxa2 Bxa1 34. Rxa1 Kg7 35. Nc3 Re8 36. Bg5 Re5 37. Ra7 Rxg5 38. Rxb7+ Kf8 39. Nxe4 1-0